Nguyễn Đình Thi toàn tập T.1 Truyện ngắn, kịch
v.v...
Đã lưu trong:
| Tác giả chính: | |
|---|---|
| Định dạng: | Sách |
| Năm xuất bản: |
H.
Văn học
2009
|
| Chủ đề: | |
| Tags: |
Thêm thẻ
Không có thẻ, Hãy là người đầu tiên gắn thẻ bản ghi này!
|
| LEADER | 00926nam a2200193 4500 | ||
|---|---|---|---|
| 082 | |a 895.922234 |b NG527Đ | ||
| 100 | |a Nguyễn Đình Thi | ||
| 245 | |a Nguyễn Đình Thi toàn tập |c Hà Minh Đức giới thiệu; Nguyễn Cừ, Nguyễn Anh Vũ sưu tầm, tuyển chọn |n T.1 |p Truyện ngắn, kịch | ||
| 260 | |a H. |b Văn học |c 2009 | ||
| 300 | |a 842 tr. |c 21 cm. | ||
| 520 | |a v.v... | ||
| 653 | |a Văn học hiện đại | ||
| 653 | |a Việt Nam | ||
| 653 | |a Truyện ngắn | ||
| 653 | |a Kịch | ||
| 942 | |2 ddc |c STK0 | ||
| 999 | |c 1647 |d 1647 | ||
| 952 | |0 0 |1 0 |2 ddc |4 0 |6 895_922334000000000_NG527Đ |7 1 |8 800 |9 27779 |a qbu |b qbu |c D5 |d 2014-12-09 |g 165 |o 895.922334 NG527Đ |p 1049.c1 |r 0000-00-00 |w 2014-12-09 |y STK0 |0 0 |6 895_922334000000000_NG527Đ | ||
| 952 | |0 0 |1 0 |2 ddc |4 0 |6 895_922334000000000_NG527Đ |7 0 |8 800 |9 27780 |a qbu |b qbu |c D5 |d 2014-12-09 |g 165 |o 895.922334 NG527Đ |p 1049.c2 |r 0000-00-00 |w 2014-12-09 |y STK0 |0 0 |6 895_922334000000000_NG527Đ | ||